<?xml version="1.0" encoding="UTF-8"?>
<marc:record xmlns:marc="http://www.loc.gov/MARC21/slim">
   <marc:leader>00000nam a2200000 a 4500</marc:leader>
   <marc:datafield ind1="1" ind2=" " tag="100">
      <marc:subfield code="a">Baum, Heike</marc:subfield>
      <marc:subfield code="4">aut</marc:subfield>
      <marc:subfield code="e">Verfasser/-in</marc:subfield>
   </marc:datafield>
   <marc:datafield ind1=" " ind2=" " tag="653">
      <marc:subfield code="a">Kind &lt;3 - 7 Jahre&gt; / Trauer / Tod / Erziehung</marc:subfield>
   </marc:datafield>
   <marc:datafield ind1=" " ind2=" " tag="653">
      <marc:subfield code="a">Tod / Trauer / Kind &lt;3 - 7 Jahre&gt; / Erziehung</marc:subfield>
   </marc:datafield>
   <marc:datafield ind1=" " ind2=" " tag="653">
      <marc:subfield code="a">Trauer / Tod / Kind &lt;3 - 7 Jahre&gt; / Erziehung</marc:subfield>
   </marc:datafield>
   <marc:datafield ind1="0" ind2="0" tag="245">
      <marc:subfield code="a">Ist Oma jetzt im Himmel?</marc:subfield>
   </marc:datafield>
   <marc:datafield ind1="0" ind2="0" tag="245">
      <marc:subfield code="b">Vom Umgang mit Tod und Traurigkeit</marc:subfield>
   </marc:datafield>
   <marc:datafield ind1="0" ind2="0" tag="245">
      <marc:subfield code="c">Heike Baum</marc:subfield>
   </marc:datafield>
   <marc:datafield ind1=" " ind2="1" tag="264">
      <marc:subfield code="a">München</marc:subfield>
      <marc:subfield code="b">Kösel</marc:subfield>
      <marc:subfield code="c">2002</marc:subfield>
   </marc:datafield>
   <marc:datafield ind1="1" ind2=" " tag="490">
      <marc:subfield code="a">Emotionale Kindererziehung (Kinder v. 3 bis 7 J.)</marc:subfield>
   </marc:datafield>
   <marc:datafield ind1="1" ind2=" " tag="520">
      <marc:subfield code="a">Was tun, wenn Kinder zum ersten Mal mit dem Tod konfrontiert werden? Wie können wir Kindern helfen, ihre Ängste zu bewältigen? Was entgegnen wir auf ihre Fragen, auf die wir doch oft selbst keine Antworten wissen? Wie können wir Kinder in ihrer Trauer begleiten? Die einfühlsamen, spielerischen und alltagsnahen Anregungen dieses Praxisratgebers unterstützen Drei- bis Siebenjährige darin, mit den kleinen, ganz alltäglichen und mit den großen Abschieden im Leben besser umzugehen. Ein übersichtlicher Informationsteil zeigt, warum Kinder Trauer anders verarbeiten als Erwachsene und wie Eltern und ErzieherInnen ihnen dabei behutsam zur Seite stehen können.</marc:subfield>
   </marc:datafield>
   <marc:datafield ind1=" " ind2=" " tag="020">
      <marc:subfield code="a">9783466305865</marc:subfield>
      <marc:subfield code="9">9783466305865</marc:subfield>
   </marc:datafield>
   <marc:datafield ind1=" " ind2=" " tag="500">
      <marc:subfield code="a">Literaturverz. S. 47</marc:subfield>
   </marc:datafield>
   <marc:datafield ind1=" " ind2=" " tag="300">
      <marc:subfield code="a">47 S.</marc:subfield>
   </marc:datafield>
</marc:record>
